000 00291nam a22001337a 4500
008 181217b xxu||||| |||| 00| 0 eng d
020 _a039864011433
041 _aeng
080 _a701
100 _a44
101 _aART
245 _aPainting with Acrylics
_cRodwell,J
942 _2udc
_cBK
999 _c53227
_d53227